Vector Mechanics for Engineers Statics (Record no. 9622)

MARC details
000 -LEADER
fixed length control field 00657nam a22002297a 4500
003 - CONTROL NUMBER IDENTIFIER
control field OSt
005 - DATE AND TIME OF LATEST TRANSACTION
control field 20260401160849.0
008 - FIXED-LENGTH DATA ELEMENTS--GENERAL INFORMATION
fixed length control field 260401b |||||||| |||| 00| 0 eng d
020 ## - INTERNATIONAL STANDARD BOOK NUMBER
International Standard Book Number 9781260092721
040 ## - CATALOGING SOURCE
Transcribing agency DDC
082 ## - DEWEY DECIMAL CLASSIFICATION NUMBER
Classification number 530 BEE 2019
100 ## - MAIN ENTRY--PERSONAL NAME
Personal name Beer, Ferdinand P.; Johnston, E. Russell.; Mazurek, David. F
9 (RLIN) 12835
245 ## - TITLE STATEMENT
Title Vector Mechanics for Engineers Statics
250 ## - EDITION STATEMENT
Edition statement 12th ed.
260 ## - PUBLICATION, DISTRIBUTION, ETC. (IMPRINT)
Place of publication, distribution, etc. New York; McGraw hill, 2024
300 ## - PHYSICAL DESCRIPTION
Extent xvi,614p.; Col.ill: 25cm
504 ## - BIBLIOGRAPHY, ETC. NOTE
Bibliography, etc Appendix, answers, & index included
650 ## - SUBJECT ADDED ENTRY--TOPICAL TERM
Topical term or geographic name as entry element Mechanics
9 (RLIN) 819
650 ## - SUBJECT ADDED ENTRY--TOPICAL TERM
Topical term or geographic name as entry element Engineering
9 (RLIN) 373
650 ## - SUBJECT ADDED ENTRY--TOPICAL TERM
Topical term or geographic name as entry element Statics
9 (RLIN) 12295
942 ## - ADDED ENTRY ELEMENTS (KOHA)
Source of classification or shelving scheme Dewey Decimal Classification
Koha item type Open Shelf
Holdings
Withdrawn status Lost status Source of classification or shelving scheme Damaged status Not for loan Home library Current library Date acquired Source of acquisition Inventory number Total Checkouts Full call number Barcode Date last seen Koha item type
    Dewey Decimal Classification     MUST Main Library MUST Main Library 01/04/2026 Purchase 26/42547   530 BEE 2019 2026-0076 01/04/2026 Open Shelf
    Dewey Decimal Classification     MUST Main Library MUST Main Library 01/04/2026 Purchase 26/42554   530 BEE 2019 2026-0077 01/04/2026 Open Shelf
    Dewey Decimal Classification     MUST Main Library MUST Main Library 01/04/2026 Purchase 26/42555   530 BEE 2019 2026-0078 01/04/2026 Open Shelf
    Dewey Decimal Classification     MUST Main Library MUST Main Library 01/04/2026 Purchase 26/42556   530 BEE 2019 2026-0079 01/04/2026 Open Shelf